[Event "London Classic Open 2017"]
[Site "London ENG"]
[Date "2017.12.06"]
[Round "6.71"]
[White "Healey, Michael W"]
[Black "Ifalore, Michael"]
[Result "0-1"]
[WhiteElo "2163"]
[BlackElo "1962"]
[WhiteFideId "410012"]
[BlackFideId "436356"]
[EventDate "2017.12.02"]

1. e4 e5 2. Nf3 Nc6 3. Bb5 a6 4. Ba4 Nf6 5. d3 Bc5 6. O-O b5 7. Bb3 d6 8. a4 Bg4
9. c3 h6 10. Be3 Ba7 11. h3 Be6 12. d4 Bxb3 13. Qxb3 Rb8 14. dxe5 dxe5 15. Bxa7
Nxa7 16. Nxe5 Qe7 17. Nf3 O-O 18. e5 Nd7 19. axb5 Rxb5 20. Qc4 Rxb2 21. Rxa6 Nb5
22. Qg4 Nxe5 23. Nxe5 Qxe5 24. Rxh6 Nxc3 25. Rh5 Ne2+ 26. Kh1 Qe7 27. Rh4 Qc5
28. Qd7 Qc2 29. Na3 Ng3+ 30. Kg1 Qe2 0-1

[Event "London Classic Open 2017"]
[Site "London ENG"]
[Date "2017.12.06"]
[Round "6.72"]
[White "Cumming, Rhys"]
[Black "Midhun, P U"]
[Result "1-0"]
[WhiteElo "2162"]
[BlackElo "1956"]
[WhiteFideId "470163"]
[BlackFideId "5074940"]
[EventDate "2017.12.02"]

1. e4 d6 2. d4 g6 3. Nc3 Bg7 4. f4 e5 5. Nf3 exd4 6. Nxd4 Nc6 7. Nxc6 bxc6 8.
Bd3 Qh4+ 9. g3 Qh3 10. Qf3 Ne7 11. Bd2 O-O 12. Qf1 Qh5 13. Qf2 Bh3 14. Be2 Bg4
15. Bxg4 Qxg4 16. O-O Rfb8 17. Nd1 f5 18. Re1 fxe4 19. Rxe4 Nf5 20. c3 d5 21.
Ra4 Re8 22. Ne3 Rxe3 23. Bxe3 Re8 24. h3 Qxh3 25. Re1 Bf8 26. b4 d4 27. Bd2 dxc3
28. Rxe8 Nxg3 29. Rxf8+ Kxf8 30. Qc5+ Kg8 31. Qc4+ Kf8 32. Qc5+ Kg8 33. Qc4+ Kf8
34. Bxc3 Qh1+ 35. Kf2 Ne4+ 36. Ke3 Nd6 37. Qe2 Qd5 38. Rxa7 c5 39. Rxc7 cxb4 40.
Be5 Ne8 41. Rc4 1-0

[Event "London Classic Open 2017"]
[Site "London ENG"]
[Date "2017.12.06"]
[Round "6.73"]
[White "Schut, Han"]
[Black "Nelson, Omowale"]
[Result "1-0"]
[WhiteElo "2161"]
[BlackElo "1949"]
[WhiteFideId "1005561"]
[BlackFideId "7400209"]
[EventDate "2017.12.02"]

1. e4 c6 2. d4 d5 3. exd5 cxd5 4. c4 Nf6 5. Nc3 Nc6 6. Nf3 Bg4 7. cxd5 Nxd5 8.
Qb3 Bxf3 9. gxf3 e6 10. Qxb7 Nxd4 11. Bb5+ Nxb5 12. Qc6+ Ke7 13. Qxb5 Qd7 14.
Nxd5+ Qxd5 15. Bg5+ f6 16. Qxd5 exd5 17. Be3 Ke6 18. O-O-O Bb4 19. a3 Rhc8+ 20.
Kb1 Bc5 21. Rhe1 Bxe3 22. Rxe3+ Kd6 23. Rde1 Rd8 24. Re6+ Kc7 25. Rc1+ Kd7 26.
Rec6 Ke7 27. Re1+ Kd7 28. Ra6 Kc7 29. Re7+ Rd7 30. Rxd7+ Kxd7 31. b4 Kc7 32. Kc2
Kb7 33. Rd6 Re8 34. Kd2 Re7 35. Rxd5 Kc6 36. Rc5+ Kb6 37. Rd5 Kc6 38. Rd3 Kb5
39. Rd6 Ka4 40. Kc3 Rc7+ 41. Kb2 Re7 42. Rd5 Re5 43. Rxe5 fxe5 44. Ka2 a6 45.
Kb2 Kb5 46. Kb3 Kb6 47. Kc4 Kc6 48. a4 h5 49. b5+ axb5+ 50. axb5+ Kb6 51. Kb4 h4
52. Kc4 h3 53. Kb4 1-0

[Event "London Classic Open 2017"]
[Site "London ENG"]
[Date "2017.12.06"]
[Round "6.74"]
[White "Mcgowan, Daniel"]
[Black "Rizzoli, Aluna"]
[Result "1-0"]
[WhiteElo "2155"]
[BlackElo "1899"]
[WhiteFideId "2401479"]
[BlackFideId "843881"]
[EventDate "2017.12.02"]

1. d4 Nf6 2. Nf3 e6 3. e3 c5 4. Bd3 Nc6 5. O-O d5 6. b3 Bd6 7. Bb2 cxd4 8. exd4
O-O 9. Nbd2 Nb4 10. Be2 b6 11. a3 Nc6 12. Bd3 a5 13. Qe2 Nb8 14. Ne5 Ba6 15. c4
Nbd7 16. Rfe1 a4 17. b4 dxc4 18. Ndxc4 Bxe5 19. dxe5 Nd5 20. Qe4 g6 21. Rad1 Qe7
22. Nd6 Rfd8 23. Bc2 N7f6 24. Qh4 Ne8 25. Qxe7 Nxe7 26. Bxa4 Nxd6 27. Rxd6 Nd5
28. Bc6 Rab8 29. b5 Rxd6 30. exd6 Bb7 31. d7 Ba8 32. Bxa8 Rxa8 33. Rc1 Ne7 34.
Bf6 Kf8 35. Bxe7+ Kxe7 36. Rc8 1-0

[Event "London Classic Open 2017"]
[Site "London ENG"]
[Date "2017.12.06"]
[Round "6.75"]
[White "Khalifa, Ramy"]
[Black "Ethelontis, Alexandros N"]
[Result "0-1"]
[WhiteElo "1939"]
[BlackElo "2154"]
[WhiteFideId "10626840"]
[BlackFideId "405469"]
[EventDate "2017.12.02"]

1. e4 e6 2. d4 d5 3. Nd2 c5 4. c3 cxd4 5. cxd4 Nc6 6. Ngf3 dxe4 7. Nxe4 Nf6 8.
Bd3 Be7 9. O-O O-O 10. h3 Nxd4 11. Nxd4 Qxd4 12. Nxf6+ Bxf6 13. Qf3 Qb6 14. Be4
Rd8 15. Rb1 Rb8 16. g4 Bd7 17. g5 Bd4 18. Bxh7+ Kxh7 19. Qxf7 Qc5 20. Bf4 Rbc8
21. Rbd1 Bb5 22. g6+ Kh8 23. Rc1 Qd5 24. Qe7 Bf6 25. Qa3 Rxc1 26. Bxc1 Bxf1 27.
Kxf1 Qh1+ 28. Ke2 Qd1+ 0-1

[Event "London Classic Open 2017"]
[Site "London ENG"]
[Date "2017.12.06"]
[Round "6.76"]
[White "Damianou, Ioannis"]
[Black "Marusenko, Petr"]
[Result "0-1"]
[BlackTitle "IM"]
[WhiteElo "1907"]
[BlackElo "2145"]
[WhiteFideId "5902355"]
[BlackFideId "14100606"]
[EventDate "2017.12.02"]

1. e4 c6 2. Nc3 d5 3. Nf3 Bg4 4. h3 Bh5 5. exd5 cxd5 6. g4 Bg6 7. Ne5 Nc6 8. d4
e6 9. h4 f6 10. Nxc6 bxc6 11. h5 Bf7 12. Bf4 Bd6 13. Bxd6 Qxd6 14. Qd2 Ne7 15.
O-O-O O-O 16. h6 g5 17. Na4 Ng6 18. Rh3 Rfe8 19. Nc5 Re7 20. Re3 Rae8 21. Rde1
Nf4 22. f3 e5 23. c3 Bg6 24. b3 exd4 25. Qxd4 Re5 26. Kb2 Qe7 27. Rxe5 fxe5 28.
Qe3 Qd6 29. Rd1 Bf7 30. Nb7 Qxh6 31. Qxa7 Qh2+ 32. Ka1 Qc2 33. Nd6 Qxd1+ 34. Kb2
Qd2+ 35. Ka3 Qc1+ 36. Kb4 c5+ 37. Kb5 Qxf1+ 38. Kc6 Rf8 0-1

[Event "London Classic Open 2017"]
[Site "London ENG"]
[Date "2017.12.06"]
[Round "6.77"]
[White "Mulay, Partha"]
[Black "Gayson, Peter M"]
[Result "0-1"]
[WhiteElo "1892"]
[BlackElo "2145"]
[WhiteFideId "436038"]
[BlackFideId "401838"]
[EventDate "2017.12.02"]

1. Nf3 d5 2. c4 e6 3. g3 Nf6 4. Bg2 Be7 5. O-O O-O 6. b3 c5 7. cxd5 exd5 8. d4
Nc6 9. Bb2 Bf5 10. Nc3 h6 11. e3 Rc8 12. dxc5 Bxc5 13. Ne2 Be4 14. Ned4 Qe7 15.
Nxc6 bxc6 16. a3 Bd6 17. b4 c5 18. bxc5 Bxc5 19. Nd4 Qb7 20. Ra2 Bxd4 21. Bxd4
Bxg2 22. Kxg2 Ne4 23. Qa1 f6 24. Rc1 Qd7 25. Rxc8 Rxc8 26. Qd1 Ng5 27. h4 Qh3+
28. Kg1 Nf3+ 0-1

[Event "London Classic Open 2017"]
[Site "London ENG"]
[Date "2017.12.06"]
[Round "6.78"]
[White "Englisch, Colya"]
[Black "Clancy, Martin J"]
[Result "1-0"]
[WhiteElo "2128"]
[BlackElo "1855"]
[WhiteFideId "36080420"]
[BlackFideId "2403404"]
[EventDate "2017.12.02"]

1. d4 Nf6 2. Nf3 c5 3. g3 g6 4. Bg2 Bg7 5. O-O O-O 6. c4 cxd4 7. Nxd4 Nc6 8. Nc3
Ng4 9. e3 d6 10. b3 Nge5 11. Bb2 Rb8 12. Qd2 Bh3 13. Bxh3 Nxd4 14. Kh1 Ndf3 15.
Qe2 g5 16. Bg2 g4 17. Nb5 e6 18. Rad1 Qg5 19. h3 Qh5 20. Bxe5 Bxe5 21. Nd4 Bxd4
22. exd4 f5 23. Qxe6+ Kh8 24. h4 Nxh4 25. gxh4 Qxh4+ 26. Kg1 Rf6 27. Qe7 Rbf8
28. f4 R8f7 29. Qe3 g3 30. Rf3 Rg6 31. Rd3 Rfg7 32. c5 Rg4 33. cxd6 h5 34. d7
Rxf4 35. Qe8+ Kh7 36. d8=Q Qh2+ 37. Kf1 Rxf3+ 1-0

[Event "London Classic Open 2017"]
[Site "London ENG"]
[Date "2017.12.06"]
[Round "6.79"]
[White "Tivillier, Jacques"]
[Black "Smith, Andrew Philip"]
[Result "0-1"]
[BlackTitle "FM"]
[WhiteElo "1751"]
[BlackElo "2126"]
[WhiteFideId "417254"]
[BlackFideId "2500833"]
[EventDate "2017.12.02"]

1. e4 e5 2. Bc4 Nf6 3. d3 c6 4. Nf3 d5 5. exd5 cxd5 6. Bb5+ Bd7 7. Bxd7+ Nbxd7
8. O-O Bd6 9. Nc3 Qb6 10. a4 a6 11. a5 Qc7 12. h3 O-O 13. Ne2 Rad8 14. Re1 Rfe8
15. c3 e4 16. dxe4 dxe4 17. Nfd4 Nc5 18. Qc2 Nd3 19. Rf1 Re5 20. Ng3 Nxc1 21.
Rfxc1 Ree8 22. Ngf5 Bf4 23. Ne3 Bxe3 24. fxe3 Re5 25. Rf1 Rxa5 26. Rxa5 Qxa5 27.
Rxf6 gxf6 28. Qxe4 Qe5 29. Qxb7 Qxe3+ 30. Kh2 Qf4+ 31. g3 Qf2+ 32. Qg2 Qxg2+ 33.
Kxg2 a5 34. b3 Rc8 35. c4 Kf8 36. Kf2 Ke7 37. Ke2 Kd6 38. Kd3 Kc5 39. Nc2 Rg8
40. g4 f5 0-1

[Event "London Classic Open 2017"]
[Site "London ENG"]
[Date "2017.12.06"]
[Round "6.80"]
[White "Hebden, Mark L"]
[Black "Everett, Joe"]
[Result "1-0"]
[WhiteTitle "GM"]
[WhiteElo "2445"]
[BlackElo "1922"]
[WhiteFideId "400084"]
[BlackFideId "443204"]
[EventDate "2017.12.02"]

1. d4 Nf6 2. Bf4 g6 3. Nc3 Bg7 4. e4 d6 5. Qd2 a6 6. Bh6 Bxh6 7. Qxh6 b5 8. e5
b4 9. Nce2 Nd5 10. Nf3 e6 11. Ng3 Qe7 12. Ne4 f5 13. exf6 Nxf6 14. Bd3 Nbd7 15.
O-O-O Bb7 16. Rhe1 Nxe4 17. Bxe4 Bxe4 18. Rxe4 Nf6 19. Re2 O-O-O 20. d5 e5 21.
Qd2 Kd7 22. Qxb4 Ke8 23. c4 Nd7 24. Nd4 Qg5+ 25. Kb1 Rb8 26. Qa4 Rb6 27. g3 Qh5
28. f4 Kd8 29. fxe5 Nxe5 30. c5 dxc5 31. Rxe5 Qxe5 32. Nc6+ Rxc6 33. dxc6+ Ke7
34. Qh4+ g5 35. Qh6 Qe4+ 36. Ka1 Qg6 37. Rd7+ Ke6 38. Qh3+ g4 39. Qf1 Re8 40.
Qc4+ Kf6 41. Qf4+ Ke6 42. a3 Qf5 43. Qc4+ 1-0

[Event "London Classic Open 2017"]
[Site "London ENG"]
[Date "2017.12.06"]
[Round "6.81"]
[White "Guelsen, Taylan"]
[Black "De Coverly, Roger D"]
[Result "1-0"]
[WhiteElo "2213"]
[BlackElo "1921"]
[WhiteFideId "24603635"]
[BlackFideId "405213"]
[EventDate "2017.12.02"]

1. d4 Nf6 2. Bf4 c5 3. d5 d6 4. c4 e6 5. Nc3 exd5 6. cxd5 g6 7. e4 Bg7 8. Bb5+
Kf8 9. a4 Na6 10. Nf3 Bg4 11. O-O Nb4 12. Be2 h6 13. h3 Bc8 14. Nd2 Kg8 15. Nc4
Ne8 16. Nb5 Bf8 17. Bh2 b6 18. f4 Bb7 19. Qd2 a6 20. Nc3 Bg7 21. Bf3 Bd4+ 22.
Kh1 Rb8 23. Ne2 Bg7 24. a5 b5 25. Nb6 Kh7 26. e5 f5 27. Nc3 Nc7 28. Rad1 Na8 29.
Nxa8 Bxa8 30. g4 Rf8 31. Qg2 Rb7 32. Rg1 fxg4 33. Qxg4 g5 34. Be4+ Kh8 35. fxg5
dxe5 36. gxh6 Bf6 37. Rdf1 Rbf7 38. Qg6 Qd6 39. h7 Rg7 40. Rxf6 Qxf6 41. Qxf6
Rxf6 42. Rxg7 Kxg7 43. Bxe5 1-0

[Event "London Classic Open 2017"]
[Site "London ENG"]
[Date "2017.12.06"]
[Round "6.82"]
[White "Stoyanov, Viktor"]
[Black "Rysbayeva, Aigerim"]
[Result "1-0"]
[BlackTitle "WFM"]
[WhiteElo "1950"]
[BlackElo "2118"]
[WhiteFideId "450308"]
[BlackFideId "13704567"]
[EventDate "2017.12.02"]

1. d4 d5 2. Bf4 Nf6 3. e3 e6 4. Nf3 Bd6 5. Bg3 c5 6. c3 Nc6 7. Nbd2 O-O 8. Bd3
b6 9. Qe2 Bb7 10. Rd1 cxd4 11. exd4 Ne7 12. Ne5 Nf5 13. Bf4 Be7 14. Qf3 Nh4 15.
Qh3 Ne4 16. Ndf3 f5 17. Nxh4 Bxh4 18. Bg3 Be7 19. Bf4 Bg5 20. Bxg5 Qxg5 21. O-O
Qf4 22. Qf3 Qg5 23. Qh3 Qf4 24. Qf3 Qh4 25. Qe2 Rf6 26. f3 Rh6 27. fxe4 Qxh2+
28. Kf2 dxe4 29. Bc4 f4 30. Qg4 Re8 31. Rh1 e3+ 32. Ke2 Qg3 33. Qxg3 fxg3 34.
Rxh6 gxh6 35. Kxe3 Bxg2 36. Rg1 Bd5 37. Rxg3+ Kf8 38. Bxd5 exd5 39. Kf4 Re6 40.
Kf5 Rd6 41. b4 b5 42. Nd3 Ra6 43. Rg2 Ra3 44. Rc2 Kf7 45. Nf4 1-0

[Event "London Classic Open 2017"]
[Site "London ENG"]
[Date "2017.12.06"]
[Round "6.83"]
[White "Frank, Tena"]
[Black "Maroroa, Sue"]
[Result "0-1"]
[WhiteTitle "WFM"]
[BlackTitle "WIM"]
[WhiteElo "1944"]
[BlackElo "2111"]
[WhiteFideId "4624297"]
[BlackFideId "4301498"]
[EventDate "2017.12.02"]

1. d4 Nf6 2. c4 g6 3. Nc3 Bg7 4. e4 d6 5. h3 O-O 6. Be3 e5 7. d5 Na6 8. Nf3 Nh5
9. g3 Qe8 10. Be2 f5 11. exf5 gxf5 12. Nh4 Nf6 13. Qc2 Nb4 14. Qb1 f4 15. gxf4
exf4 16. Bd2 f3 17. Nxf3 Nfxd5 18. Kf1 Nf4 19. Bxf4 Rxf4 20. a3 Na6 21. Qc1 Qf7
22. Qd1 c6 23. Rc1 Bd7 24. Kg2 Qg6+ 25. Kf1 Raf8 26. Rh2 Nc5 27. Rg2 Bxh3 0-1

[Event "London Classic Open 2017"]
[Site "London ENG"]
[Date "2017.12.06"]
[Round "6.84"]
[White "Russell, Christopher"]
[Black "Tobianski, Fabian"]
[Result "1/2-1/2"]
[WhiteElo "2103"]
[BlackElo "1909"]
[WhiteFideId "413569"]
[BlackFideId "12952001"]
[EventDate "2017.12.02"]

1. e4 e6 2. d4 d5 3. Nc3 Nf6 4. e5 Nfd7 5. Nce2 c5 6. c3 Nc6 7. f4 Qb6 8. Nf3 f6
9. a3 Be7 10. g3 cxd4 11. cxd4 O-O 12. Bh3 fxe5 13. Bxe6+ Kh8 14. Bxd5 exd4 15.
Qb3 Qc7 16. O-O Bc5 17. Kh1 Nf6 18. Bd2 b6 19. Be6 Bb7 20. Bh3 Rfe8 21. Neg1 Ne4
22. Bg2 Ba6 23. Nh3 Bxf1 24. Rxf1 Nxd2 25. Nxd2 Re3 26. Qd5 Rc8 27. Ng5 g6 1/2-1/2

[Event "London Classic Open 2017"]
[Site "London ENG"]
[Date "2017.12.06"]
[Round "6.85"]
[White "Sellmair, Reinhard"]
[Black "Hebbes, Tim"]
[Result "0-1"]
[WhiteElo "1936"]
[BlackElo "2097"]
[WhiteFideId "12946990"]
[BlackFideId "406570"]
[EventDate "2017.12.02"]

1. e4 e6 2. d4 d5 3. Nc3 Nf6 4. e5 Nfd7 5. f4 c5 6. Nf3 Nc6 7. Be3 a6 8. Qd2 Be7
9. dxc5 Nxc5 10. O-O-O Bd7 11. a3 b5 12. Qf2 Nb7 13. f5 b4 14. axb4 Nxb4 15. Nd4
Qc7 16. fxe6 fxe6 17. Qg3 O-O 18. Be2 Nc5 19. Bh6 g6 20. Bxf8 Bxf8 21. Qe3 Bg7
22. Nf3 Ne4 23. Rd4 Nxc3 24. Qxc3 Na2+ 0-1

[Event "London Classic Open 2017"]
[Site "London ENG"]
[Date "2017.12.06"]
[Round "6.86"]
[White "Seymour, Timothy P"]
[Black "Newton, Andrew"]
[Result "1-0"]
[WhiteElo "2072"]
[BlackElo "1886"]
[WhiteFideId "412112"]
[BlackFideId "2403285"]
[EventDate "2017.12.02"]

1. d4 e6 2. e3 Nf6 3. Nf3 b6 4. Bd3 Bb7 5. O-O Be7 6. c4 O-O 7. Nc3 d5 8. b3
Nbd7 9. Bb2 c5 10. cxd5 cxd4 11. Nxd4 Nxd5 12. Nxd5 Bxd5 13. Bb5 Bc5 14. b4 Bd6
15. e4 Bxe4 16. Nxe6 Bxh2+ 17. Kxh2 Qh4+ 18. Kg1 Bxg2 19. Kxg2 fxe6 20. Qd6 Rf4
21. Qxe6+ Kh8 22. Bxd7 Qg5+ 23. Kh2 Rh4+ 24. Qh3 Rxh3+ 25. Bxh3 Qf4+ 26. Kg1
Qxb4 27. Be5 Rf8 28. Rad1 Qh4 29. Bg2 Rd8 30. Rfe1 Rxd1 31. Rxd1 h6 32. Rd7 Kg8
33. Bd5+ Kf8 34. Bd6+ Ke8 35. Rxg7 Qa4 36. Bf7+ 1-0

[Event "London Classic Open 2017"]
[Site "London ENG"]
[Date "2017.12.06"]
[Round "6.87"]
[White "Compton, Alistair"]
[Black "Marcos Herrero, Francisco"]
[Result "1-0"]
[WhiteElo "2071"]
[BlackElo "1897"]
[WhiteFideId "4300645"]
[BlackFideId "2279045"]
[EventDate "2017.12.02"]

1. e4 c5 2. c3 Nf6 3. e5 Nd5 4. d4 cxd4 5. Qxd4 Nb6 6. Nf3 Nc6 7. Qe4 g6 8. a4
a5 9. Bd3 Bg7 10. Na3 O-O 11. Be3 d6 12. Qh4 Nxe5 13. Nxe5 Bxe5 14. Nb5 Be6 15.
Bxb6 Qxb6 16. Qxe7 Bxc3+ 17. bxc3 Bf5 18. Kd2 Qxf2+ 19. Qe2 Qc5 20. Bxf5 Qxf5
21. Qf3 Qg5+ 22. Kc2 Rac8 23. Rad1 Rc5 24. Nxd6 Re5 25. Rhe1 Rxe1 26. Rxe1 Qc5
27. Nb5 Qc4 28. Kb2 Qxa4 29. Qd5 Qf4 30. Re2 b6 31. Qe5 Qc4 32. Nd6 Qc6 33. Ne8
f6 34. Qe7 Rf7 35. Qe6 Qb5+ 36. Kc1 Qc5 37. Nd6 Qxc3+ 38. Kd1 Qd3+ 39. Ke1 Qc3+
40. Kd1 Qa1+ 41. Kc2 Qa4+ 42. Kc1 Qa1+ 43. Kd2 Qd4+ 44. Kc2 Qa4+ 45. Kd3 Qd1+
46. Ke3 Qc1+ 47. Kf2 Qc5+ 48. Kf1 1-0

[Event "London Classic Open 2017"]
[Site "London ENG"]
[Date "2017.12.06"]
[Round "6.88"]
[White "Cole, James"]
[Black "Marentini, Marcel"]
[Result "1/2-1/2"]
[WhiteElo "1886"]
[BlackElo "2055"]
[WhiteFideId "431818"]
[BlackFideId "1318730"]
[EventDate "2017.12.02"]

1. d4 e6 2. Nf3 Nf6 3. e3 c5 4. Bd3 cxd4 5. exd4 b6 6. O-O Bb7 7. Nbd2 Be7 8. b3
O-O 9. Bb2 Nc6 10. a3 d5 11. Qe2 Bd6 12. Ne5 Bxe5 13. dxe5 Nd7 14. b4 a5 15. b5
Ne7 16. Bd4 Nc5 17. a4 Rc8 18. c3 Nf5 19. Bc2 Qg5 20. f4 Qh6 21. Rf3 Nd7 22. Bd3
Nc5 23. Bc2 Qg6 24. Nf1 Nxd4 25. cxd4 Ne4 26. Bd3 f5 27. Nd2 Rc7 28. Rff1 Rfc8
29. Nf3 h6 30. Qe3 Qe8 31. Rfc1 Qe7 32. Qe1 Kh7 33. Rxc7 Qxc7 34. Ra2 Qc3 35.
Qxc3 Rxc3 36. Ne1 g5 37. Rc2 Rxc2 38. Bxc2 Nc3 39. Kf2 Bc8 40. h3 Kg7 41. g3 Bd7
42. fxg5 hxg5 43. h4 Kh6 44. hxg5+ Kxg5 45. Ng2 Kg4 46. Nf4 Ne4+ 47. Bxe4 fxe4
48. Ng2 Kf5 49. Ne3+ Kg5 50. Kg1 1/2-1/2

[Event "London Classic Open 2017"]
[Site "London ENG"]
[Date "2017.12.06"]
[Round "6.89"]
[White "Balaji, Aaravamudhan"]
[Black "Peters, Stephen G"]
[Result "0-1"]
[WhiteElo "1884"]
[BlackElo "2050"]
[WhiteFideId "436224"]
[BlackFideId "406040"]
[EventDate "2017.12.02"]

1. d4 d5 2. c4 e6 3. Nc3 Nf6 4. Bg5 Be7 5. Nf3 Nbd7 6. e3 h6 7. Bh4 O-O 8. Be2
c5 9. O-O b6 10. b3 Bb7 11. Rc1 Rc8 12. Re1 Ne4 13. Bxe7 Qxe7 14. Nxe4 dxe4 15.
Nd2 Rfd8 16. f3 Nf6 17. Nxe4 Nxe4 18. fxe4 Bxe4 19. Qd2 Qg5 20. Bd3 Rxd4 21. Rc3
Rcd8 22. h4 Rxd3 0-1

[Event "London Classic Open 2017"]
[Site "London ENG"]
[Date "2017.12.06"]
[Round "6.90"]
[White "Johansson, Toni"]
[Black "Sajjadi, Kimiya"]
[Result "0-1"]
[WhiteElo "2049"]
[BlackElo "1876"]
[WhiteFideId "1703269"]
[BlackFideId "1516434"]
[EventDate "2017.12.02"]

1. d4 Nf6 2. Nf3 e6 3. e3 b6 4. b3 Bb7 5. Nbd2 d5 6. Bb2 Be7 7. Bd3 O-O 8. Ne5
Nbd7 9. Qf3 c5 10. Qh3 h6 11. O-O Ne4 12. Ndf3 Ndf6 13. c4 dxc4 14. bxc4 Qc7 15.
Rfd1 Rfe8 16. Nxf7 Kxf7 17. Ne5+ Kf8 18. Qxe6 Ng5 19. Qf5 Bc8 20. Qf4 Bd6 21.
Bg6 Kg8 22. Qh4 Rf8 23. f4 Ngh7 24. d5 Bd7 25. e4 Ba4 26. Rf1 Rae8 27. Qg3 Re7
28. Rae1 Rfe8 29. Bxe8 Rxe8 30. Re2 b5 31. Rfe1 bxc4 32. Ng6 Nh5 33. Qa3 Qd7 34.
e5 Bc7 35. e6 Qb5 36. Be5 Ba5 37. Bc3 Bc7 38. Rb2 Qa6 39. Be5 Qa5 40. Qc3 Qxc3
41. Bxc3 Nxf4 42. Nxf4 Bxf4 43. Rb7 Nf6 44. g3 Bd6 45. Rxa7 Bc2 46. Ra6 Nxd5 47.
Bxg7 Bxg3 48. Re2 Bd3 49. Rg2 Kxg7 50. Rxg3+ Kf6 51. Rd6 Rxe6 52. Rxd5 Re1+ 53.
Kf2 Rf1+ 54. Kg2 0-1

[Event "London Classic Open 2017"]
[Site "London ENG"]
[Date "2017.12.06"]
[Round "6.91"]
[White "Hagesather, Arne"]
[Black "Lochte, Szilvia"]
[Result "1-0"]
[WhiteElo "2046"]
[BlackElo "1850"]
[WhiteFideId "1502476"]
[BlackFideId "708410"]
[EventDate "2017.12.02"]

1. d4 d5 2. c4 c6 3. Nf3 Nf6 4. g3 Bg4 5. Ne5 Bf5 6. Nc3 e6 7. Bg2 Nbd7 8. cxd5
exd5 9. Qb3 Qb6 10. Nxd7 Nxd7 11. Qa4 Be7 12. O-O O-O 13. e4 dxe4 14. d5 Nc5 15.
Qc4 Bd6 16. Be3 cxd5 17. Qxd5 Be6 18. Qd2 Qa6 19. b4 Nd3 20. b5 Qa3 21. Bxe4 Ne5
22. Bd4 Rad8 23. Qg5 Ng6 24. Qe3 b6 25. Rad1 Bh3 26. Rfe1 Bb4 27. Nd5 Qxe3 28.
Rxe3 Ba5 29. f4 Be6 30. Bb2 f5 31. Bf3 Kf7 32. Rxe6 Kxe6 33. Nc7+ Kf7 34. Bd5+
Rxd5 35. Rxd5 Kg8 36. Ne6 Re8 37. Nxg7 Re2 38. Bd4 Rxa2 39. Nxf5 Bb4 40. Rd7 Bf8
41. h4 h5 42. Kf1 Ra5 43. Rd5 a6 44. Nd6 axb5 45. Rg5 1-0

[Event "London Classic Open 2017"]
[Site "London ENG"]
[Date "2017.12.06"]
[Round "6.92"]
[White "Rushbrooke, Remy"]
[Black "Yoon, Jacob D"]
[Result "0-1"]
[WhiteElo "1864"]
[BlackElo "2045"]
[WhiteFideId "443590"]
[BlackFideId "446076"]
[EventDate "2017.12.02"]

1. Nf3 Nf6 2. g3 b5 3. Bg2 Bb7 4. O-O e6 5. d4 Be7 6. b3 O-O 7. Bb2 c5 8. Nbd2
d5 9. e3 c4 10. Ne5 Qc7 11. bxc4 bxc4 12. Bc3 a5 13. Qf3 Nbd7 14. Nxd7 Qxd7 15.
Rfb1 Rfc8 16. Rb6 Bd8 17. Rb2 Bc6 18. Qd1 Qd6 19. a3 Nd7 20. e4 Nb6 21. e5 Qd7
22. Qf3 Na4 23. Rba2 Nxc3 24. Qxc3 Bb5 25. f4 a4 26. Nf1 Ba5 27. Qf3 c3 28. Rd1
Bb6 29. f5 Qa7 30. fxe6 fxe6 31. Qg4 Qf7 32. Ne3 Rc6 33. Qf4 Qd7 34. Qg4 Qf7 35.
Qf4 Qa7 36. Raa1 Rf8 37. Qg4 Qf7 38. Rf1 Bxf1 39. Rxf1 Qa7 40. Rxf8+ Kxf8 41.
Qf4+ Ke8 42. Nxd5 Bxd4+ 43. Kh1 exd5 44. Bxd5 Rc7 45. Qf5 Qb6 46. Qxh7 Qb1+ 47.
Kg2 Qg1+ 48. Kh3 Qf1+ 49. Kg4 Qe2+ 50. Kh3 Qxe5 51. Qg8+ Ke7 52. Qf7+ Kd6 0-1

[Event "London Classic Open 2017"]
[Site "London ENG"]
[Date "2017.12.06"]
[Round "6.93"]
[White "Iyengar, Ilya"]
[Black "Fernandez Aransay, Fernando"]
[Result "1-0"]
[WhiteElo "2044"]
[BlackElo "1838"]
[WhiteFideId "405949"]
[BlackFideId "2216280"]
[EventDate "2017.12.02"]

1. d4 d5 2. c4 e6 3. Nc3 Nf6 4. cxd5 exd5 5. Bg5 Be7 6. Qc2 h6 7. Bh4 O-O 8. e3
b6 9. Nf3 Bb7 10. Be2 Nbd7 11. O-O c5 12. Rfd1 Rc8 13. dxc5 bxc5 14. Rac1 Qb6
15. b3 Rfd8 16. Na4 Qe6 17. Qb2 Nb6 18. Nc3 Ne4 19. Bxe7 Qxe7 20. Nxe4 Qxe4 21.
Qa3 d4 22. Qxa7 Nd7 23. Ba6 Bxa6 24. Qxa6 Ra8 25. Qc4 Rxa2 26. exd4 Rda8 27. Re1
Qf5 28. dxc5 1-0

[Event "London Classic Open 2017"]
[Site "London ENG"]
[Date "2017.12.06"]
[Round "6.94"]
[White "Mugalu, Hassan"]
[Black "Wilks, Simon"]
[Result "0-1"]
[WhiteElo "1798"]
[BlackElo "2022"]
[WhiteFideId "451533"]
[BlackFideId "427357"]
[EventDate "2017.12.02"]

1. Nf3 Nf6 2. d4 e6 3. Bf4 c5 4. c3 b6 5. e3 Bb7 6. Nbd2 Be7 7. Bd3 d6 8. Qc2
cxd4 9. exd4 Nc6 10. O-O-O Rc8 11. Kb1 a6 12. a3 b5 13. Ne4 Nd5 14. Qd2 Na5 15.
Bg5 h6 16. Bxe7 Qxe7 17. Qe1 Nc4 18. Nfd2 Ncb6 19. g4 Nf4 20. Bc2 Nbd5 21. Rg1
Nf6 22. Rg3 Nxe4 23. Nxe4 g5 24. Bb3 Bd5 25. Bxd5 Nxd5 26. Rc1 Kd7 27. Rf3 Nf4
28. Ng3 d5 29. Qe5 f6 30. Qe1 Qh7+ 31. Rc2 Rhe8 32. Qf1 Rc6 33. Kc1 Rb8 34. Kd2
a5 35. Ne2 e5 36. dxe5 fxe5 37. Ng3 e4 38. Re3 Re6 39. Nf5 Nd3 40. Qg2 Ne5 41.
Kc1 Nc4 42. Rh3 Qh8 43. Qg3 Rbb6 44. Qg1 Qe5 45. Qg3 Qf4+ 46. Kd1 Ne5 47. Ne3
Rbd6 48. Nf5 Rb6 49. Ne3 Red6 50. Rd2 Nd3 51. Nf5 Rf6 52. Qe3 Qxg4+ 53. Kc2 Qxf5
54. Rg3 Qf4 55. Qd4 Qe5 56. Qe3 b4 57. Kb1 Qf4 58. Qd4 Qxd2 59. Qxd5+ Rfd6 60.
Qf7+ Kc8 61. Qf8+ Kc7 62. Qf7+ Kc8 63. Qf8+ Kc7 64. Qf7+ Rd7 65. Qc4+ Rc6 66.
Qb3 Qe1+ 0-1